000 00448nam a2200169Ia 4500
005 20250603145953.0
008 250603s9999 xx 000 0 und d
020 _a9789785072280
050 _aP 96 .I34/
245 0 _aTopicl issues in global media: a review of selected news organizations
260 _aMakurdi, Nigeria
260 _bSAP publishing housing
260 _c2013
300 _a338 p
650 _aMakurdi, Nigeria
942 _cBK
999 _c43393
_d43393